000 02313cam a22005534a 4500
001 muse86493
003 MdBmJHUP
005 20210127151723.0
006 m o d
007 cr||||||||nn|n
008 200531r20201950ncu o 00 0 eng d
020 _a9781469657349
020 _z1469657341
020 _z9781469657332
035 _a(OCoLC)1157971632
040 _aMdBmJHUP
_cMdBmJHUP
041 1 _aeng
_hger
050 4 _aPT2295.H2
_bC8 1950
082 0 _a832.77
100 1 _aHebbel, Friedrich,
_d1813-1863,
_eauthor.
240 1 0 _aHerodes und Mariamne.
_lEnglish
245 1 0 _aHerod and Mariamne
_bA Tragedy in Five Acts by Friedrich Hebbel /
_cby Freidrich Hebbel ; translated by Paul H. Curts.
264 1 _bProject Muse,
264 3 _bProject MUSE,
300 _a1 online resource (1 EPUB unpaged.)
490 0 _aUNC studies in the Germanic languages and literatures ;
_vnumber 3
500 _aIssued as part of book collections on Project MUSE.
506 0 _aOpen Access
_fUnrestricted online access
_2star
520 _aOriginally published in 1950, this volume contains a vivid English verse translation by Paul H. Curts of one of the most profound and moving tragedies of German literature.
588 _aDescription based on print version record.
600 0 1 _aMariamne,
_cconsort of Herod I, King of Judea,
_dapproximately 57 B.C.-approximately 29 B.C.
_vDrama.
600 0 1 _aHerod
_bI,
_cKing of Judea,
_d73 B.C.-4 B.C.
_vDrama.
655 0 _aElectronic books.
655 0 _aVerse drama.
_2lcgft
655 0 _aHistorical drama.
_2lcgft
655 0 _aTragedies (Drama)
_2lcgft
655 7 _aElectronic books.
_2local
700 1 _aCurts, Paul Holroyd,
_d1884-1970,
_etranslator.
710 2 _aProject Muse,
_edistributor.
776 1 8 _iPrint version:
_w(DLC) 51000895
_z9781469657332
_z1469657333
710 2 _aProject Muse.
_edistributor
830 0 _aUniversity of North Carolina studies in the Germanic languages and literatures ;
_vno. 3.
830 0 _aBook collections on Project MUSE.
856 4 0 _zFull text available:
_uhttps://muse.jhu.edu/book/75786/
999 _c26792
_d26792